Auto CAD 2000

Đã lưu trong:
書目詳細資料
主要作者: ĐH BK và Elicom
格式: 圖書
語言:Vietnamese
出版: TKE 2000
標簽: 添加標簽
沒有標簽, 成為第一個標記此記錄!
Thư viện lưu trữ: Mạng thư viện Đại học Đà Nẵng
LEADER 00600nam a2200277 4500
001 000026415
003 444
005 20150325120000.0
008 150325s vm 000 vie
020 |c 104,0000 
040 |a NOTTS 
100 |a ĐH BK và Elicom 
245 |a Auto CAD 2000 
260 |b TKE  |c 2000 
300 |a 658tr. ; 
OWN |a LTT 
999 |a From the UDN01 
TYP |a Monograph 
TYP |a Printed language 
980 |a Mạng thư viện Đại học Đà Nẵng